Informe sobre el estado de los recursos naturales y del ambiente 2014-2015 / (Registro nro. 18734)

Detalles MARC
000 -CABECERA
Campo de control 00932cam a2200229 a 4500
005 - FECHA Y HORA DE LA ULTIMA TRANSACCION
Campo de control 20160520162545.0
008 - ELEMENTOS DE LONGITUD FIJA—INFORMACION GENERAL
Campo de control 160219s2015 ck ad r 00000 spa d
040 ## - FUENTE DE CATALOGACIÓN
Agencia catalogadora original CO-BoBLA
Agencia transcriptora CO-BoBLA
Agencia Modificadora CO-BoIAVH
041 0# - IDIOMA
Código de idioma para texto/pista de sonido o título separado Español
044 ## - PAÍS DE PUBLICACIÓN
País de publicación Colombia
082 04 - NUMERO DE CLASIFICACION DECIMAL DEWEY
Número de clasificación 333.707
Número del ítem C71i2
110 1# - ASIENTO PRINCIPAL--NOMBRE CORPORATIVO
Nombre corporativo o de jurisdicción como elemento de entrada Colombia.
Unidad subordinad Contraloría General de la República.
9 (RLIN) 17427
245 10 - MENCION DE TITULO
Título Informe sobre el estado de los recursos naturales y del ambiente 2014-2015 /
Mención de responsabilidad Contraloría General de la República.
260 ## - PUBLICACION, DISTRIBUCION, ETC. (PIE DE IMPRENTA)
Lugar de publicación, distribución, etc. Bogotá :
Nombre del editor, distribuidor, etc. Contraloría General de la República,
Fecha de publicación, distribución, etc. 2015.
300 ## - DESCRIPCION FISICA
Extensión 115 páginas :
Otros detalles físicos ilustraciones ;
Dimensiones 28 cm.
500 ## - NOTA GENERAL
Nota general Incluye anexos.
650 16 - ASIENTO SECUNDARIO DE MATERIA - TERMINO TEMATICO
Término temático o nombre geográfico como elemento de entrada Protección ambiental
Subdivisión geográfica Colombia
Subdivisión de forma Informes
Subdivisión cronológica 2014-2015.
9 (RLIN) 69937
650 26 - ASIENTO SECUNDARIO DE MATERIA - TERMINO TEMATICO
Término temático o nombre geográfico como elemento de entrada Impacto ambiental
Subdivisión geográfica Colombia
Subdivisión de forma Informes
Subdivisión cronológica 2014-2015.
9 (RLIN) 69938
650 26 - ASIENTO SECUNDARIO DE MATERIA - TERMINO TEMATICO
Término temático o nombre geográfico como elemento de entrada Recursos naturales
Subdivisión geográfica Colombia
Subdivisión de forma Informes
Subdivisión cronológica 2014-2015.
9 (RLIN) 69939
700 1# - ASIENTO SECUNDARIO - NOMBRE PERSONAL
Nombre personal Sierra, Luz María,
Término de relación editora.
9 (RLIN) 69930
942 ## - ELEMENTOS ADICIONALES (KOHA)
Sistema de clasificación Dewey Decimal Classification
Tipo de ítem Libro
Existencias
Withdrawn status Lost status Sistema de Clasificación Damaged status No para préstamo Colección Inventariado Ubicación Permanente Ubicación actual Fecha de adquisición Fuente de Valor Valor Total Checkouts Número topográfico Inventario / Código de Barras Date last seen Ejemplar Price effective from Forma de adquisición Tipo de material
    Dewey Decimal Classification     General Inventariado 2017 Bogotá Bogotá 20/05/2016 Instituto 39000.00   LB-333.707 C71i2 040377 20/05/2016 Ej. 1 20/05/2016 Donación Libro